Calendrier cycliste UCI World Tour - Statistiques

Statistiques générales
  • Ce quiz a été pris 57 fois
  • Le résultat moyen est 19 sur 36
Statistiques - réponses
Hint Réponse % Correct
Mai Giro
93%
Juillet Tour de France
93%
Août/Septembre Vuelta
93%
Avril Paris-Roubaix
91%
Mars Paris-Nice
85%
Juin Critérium du Dauphiné
83%
Mars Milan-San Remo
83%
Avril Tour des Flandres
78%
Juin Tour de Suisse
78%
Avril Liège-Bastogne-Liège
74%
Mars Strade Bianche
67%
Janvier Tour Down Under
63%
Avril Flèche Wallonne
59%
Octobre Tour de Lombardie
59%
Avril/Mai Tour de Romandie
57%
Février Tour des Émirats Arabes Unis
57%
Avril Tour du Pays-Basque
57%
Mars Tirreno-Adriatico
54%
Mars Tour de Catalogne
54%
Septembre GP de Québec
50%
Mars GP E3
50%
Avril Amstel Gold Race
48%
Septembre GP de Montréal
48%
Août Tour de Pologne
43%
Août Clasica San Sebastian
41%
Mars Gand-Wevelgem
41%
Avril À travers la Flandre
39%
Février Cadel Evans Ocean Road Race
39%
Mars Omloop Het Nieuwsblad
30%
Août Bretagne Classic
26%
Octobre Tour de Guangxi
26%
Août Tour du Benelux
26%
Juin Copenhagen Sprint
17%
Mai Eschborn-Francfort
17%
Mars Bruges-La Panne
11%
Août Hambourg Cyclassics
9%
Aucun quiz correspondant
Distribution des résultats
% des personnes avec chaque résultat
Percentile par nombre de réponses
Votre historique - résultats
Vous n’avez pas pris ce quiz